Mothers and a Mediator in the Song of Deborah
| Main Author: | |
|---|---|
| Contributors: | |
| Format: | Print Article |
| Language: | English |
| Check availability: | HBZ Gateway |
| Interlibrary Loan: | Interlibrary Loan for the Fachinformationsdienste (Specialized Information Services in Germany) |
| Published: |
1993
|
| In: |
The feminist companion to the Bible ; 4: A @Feminist companion to Judges
Year: 1993, Pages: 110-114 |
| IxTheo Classification: | HB Old Testament |
| Further subjects: | B
Judges
B Mediator |
MARC
| LEADER | 00000naa a22000002c 4500 | ||
|---|---|---|---|
| 001 | 1588823954 | ||
| 003 | DE-627 | ||
| 005 | 20190311184641.0 | ||
| 007 | tu | ||
| 008 | 190311s1993 xx ||||| 00| ||eng c | ||
| 020 | |a 1850754624 | ||
| 035 | |a (DE-627)1588823954 | ||
| 035 | |a (DE-576)518823954 | ||
| 035 | |a (DE-599)BSZ518823954 | ||
| 040 | |a DE-627 |b ger |c DE-627 |e rakwb | ||
| 041 | |a eng | ||
| 084 | |a 1 |2 ssgn | ||
| 100 | 1 | |0 (DE-588)119320452 |0 (DE-627)080129420 |0 (DE-576)212101498 |4 aut |a Dijk Hemmes, Fokkelien van |d 1943-1994 | |
| 109 | |a Dijk Hemmes, Fokkelien van 1943-1994 |a Hemmes, Fokkelien van Dijk- 1943-1994 |a Dijk-Hemmes, Fokkelien van 1943-1994 |a Van Dijk Hemmes, Fokkelien 1943-1994 |a Dijk-Hemmes, Fokkelientje Geertruida van 1943-1994 | ||
| 245 | 1 | 0 | |a Mothers and a Mediator in the Song of Deborah |
| 264 | 1 | |c 1993 | |
| 336 | |a Text |b txt |2 rdacontent | ||
| 337 | |a ohne Hilfsmittel zu benutzen |b n |2 rdamedia | ||
| 338 | |a Band |b nc |2 rdacarrier | ||
| 630 | 0 | 7 | |0 (DE-588)4225759-1 |0 (DE-627)104976799 |0 (DE-576)21030877X |a Deboralied |2 gnd |
| 650 | 0 | 7 | |0 (DE-588)4039741-5 |0 (DE-627)106226754 |0 (DE-576)209036478 |a Mittler |2 gnd |
| 652 | |a HB | ||
| 700 | 1 | |0 (DE-588)1045794821 |0 (DE-627)775127442 |0 (DE-576)164201920 |4 oth |a Brener-ʿIydan, ʿAtalyah |d 1943- | |
| 773 | 0 | 8 | |i In |t The feminist companion to the Bible ; 4: A @Feminist companion to Judges |d Sheffield : Sheffield Academic Press, 1993 |g (1993), Seite 110-114 |h 242 S. |w (DE-627)1120436338 |w (DE-576)050436333 |z 1850754624 |7 nnam |
| 773 | 1 | 8 | |g year:1993 |g pages:110-114 |
| 935 | |a BIIN | ||
| 951 | |a AR | ||
| BIB | |a 1 | ||
| BIR | |a 34005000_34005999,34005001_34005031 |b biblesearch | ||
| ELC | |b 1 | ||
| ITA | |a 1 |t 1 | ||
| LOK | |0 000 xxxxxcx a22 zn 4500 | ||
| LOK | |0 001 3058400322 | ||
| LOK | |0 003 DE-627 | ||
| LOK | |0 004 1588823954 | ||
| LOK | |0 005 20190311184641 | ||
| LOK | |0 008 190311||||||||||||||||ger||||||| | ||
| LOK | |0 035 |a (DE-Tue135-1)48298 | ||
| LOK | |0 040 |a DE-Tue135-1 |c DE-627 |d DE-Tue135-1 | ||
| LOK | |0 852 |a DE-Tue135-1 | ||
| LOK | |0 852 1 |c AT11248/DKHF |m p |9 00 | ||
| LOK | |0 852 2 |b A 44 |9 00 | ||
| LOK | |0 935 |a iSWA | ||
| LOK | |0 936ln |0 1442044128 |a HB | ||
| LOK | |0 938 |k p | ||
| LOK | |0 939 |a 11-03-19 |b l12 | ||
| ORI | |a SA-MARC-ixtheoa001.raw | ||
| STA | 0 | 0 | |a Judges,Song of Debora,Debora,Mediator,Intercessor,Jesus Christ |
| STB | 0 | 0 | |a Médiateur,Jésus-Christ |
| STC | 0 | 0 | |a Mediador |
| STD | 0 | 0 | |a Mediatore |
| STE | 0 | 0 | |a 中间人,调解人 |
| STF | 0 | 0 | |a 中間人,調解人 |
| STG | 0 | 0 | |a Mediador |
| STH | 0 | 0 | |a Посредник |
| STI | 0 | 0 | |a Μεσολαβητής |
| SUB | |a BIB | ||
| SYD | 0 | 0 | |a Bibel,Richter,5,Bibel,Richter,5,1-31,Debora-Lied |
| SYE | 0 | 0 | |a Heilsmittler,Mittlerschaft |